Antologia poetica de la revolucion justicialista /
Guardado en:
| Autor Principal: | |
|---|---|
| Formato: | Libro |
| Publicado: |
Buenos Aires :
Libreria Perlado,
1954
|
| Materias: | |
| Etiquetas: |
Agregar Etiqueta
Sin Etiquetas, Sea el primero en etiquetar este registro!
|
| LEADER | 00575nam a22001935a 4500 | ||
|---|---|---|---|
| 001 | EHU.bham024657 | ||
| 003 | AR-BHAM | ||
| 005 | 20130507153852.0 | ||
| 008 | 130507s1954##################000#0#####d | ||
| 082 | A | 8 | |a 861.4 |
| 100 | 1 | |a Monti, Antonio | |
| 245 | 1 | 0 | |a Antologia poetica de la revolucion justicialista / |c Antonio Monti |
| 260 | |a Buenos Aires : |b Libreria Perlado, |c 1954 | ||
| 300 | |a 174 p. | ||
| 653 | |a Donacion lejarraga | ||
| 653 | |a Poesia | ||
| 653 | |a Poesia argentina-1911- | ||
| 653 | |a Peronismo | ||
| 859 | |a AR-BHAM |b BIB. HUMANIDADES - General |h A861.4 |i M769 |k A |p 439.02 |t Ej.1 | ||
